Diseño y construcción de un conmutador automático de luces de automóvil
Gespeichert in:
| 1. Verfasser: | |
|---|---|
| Weitere Verfasser: | |
| Format: | Buch |
| Veröffentlicht: |
[San José , Costa Rica]
1971
|
| Tags: |
Tag hinzufügen
Keine Tags, Fügen Sie den ersten Tag hinzu!
|
MARC
| LEADER | 00000nam a2200000Ia 4500 | ||
|---|---|---|---|
| 003 | PIE085 | ||
| 005 | 20231115131222.0 | ||
| 008 | 140116s1971 c a m 000 ||s d | ||
| 040 | |c cru CEDI | ||
| 090 | |a PIE 85 | ||
| 100 | |a Monge Salazar, Jorge Arturo |9 18230 | ||
| 245 | |a Diseño y construcción de un conmutador automático de luces de automóvil | ||
| 260 | |a [San José , Costa Rica] |c 1971 | ||
| 300 | |a 24 hojas : 1 tarjeta perforada en sobre | ||
| 500 | |a A la cabeza de la portada: Universidad de Costa Rica. Facultad de Ingeniería. Departamento de Ingeniería Eléctrica. Laboratorio Eléctrico | ||
| 501 | |a Profesor Guía J. Joaquín Chacón L | ||
| 700 | |a Chacón Leandro, José Joaquín, 1948- |d Director de Proyecto Eléctrico |9 1750 | ||
| 942 | |c PIE |h PIE-85 |i PIE085 |6 PIE_85_PIE085 | ||
| 999 | |c 13458 |d 13458 | ||
